Táncosokkal teli parányi színpad hazai bemutatóval kezdte az idei fellépéseit a kiváló minősítést szerzet nagyidai Ilosvai Néptáncegyütes

Bibliographic Details
Main Author: Juhász Dósa, János, 1969- (Author)
Corporate Author: Ilosvai (folklórny súbor) (Author)
Format: Article
Language:Hungarian
Slovak
Subjects:

MARC

LEADER 00000nab a2200000 a 4500
001 vtls000929399
003 SK-MaSNL
005 20260319073727.0
008 040720e20030220xo 0 hun
035 |a KE38276 
040 |a KEVKJB  |b slo  |c KEVKJB  |e AACR2 
041 0 |a slo 
044 |a xo  |c SK 
080 |a 793.31  |2 1981 
100 1 |a Juhász Dósa, János,  |d 1969-   |4 aut  |9 667976 
245 1 0 |a Táncosokkal teli parányi színpad  |b hazai bemutatóval kezdte az idei fellépéseit a kiváló minősítést szerzet nagyidai Ilosvai Néptáncegyütes 
610 2 7 |a Ilosvai (folklórny súbor)  |2 KEVKJB  |9 30833 
650 0 7 |a folklórne súbory  |2 KEVKJB  |9 28685 
651 7 |a Veľká Ida (Slovensko)  |2 KEVKJB  |9 22667 
651 7 |a KS,  |2 KEVKJB  |9 880381 
655 7 |a periodikum  |2 snkbucl  |9 29553 
710 2 |a Ilosvai (folklórny súbor)  |4 aut  |9 30833 
773 0 8 |t Új Szó  |g Roč. 56  |g Roč. 28, č.42, 20.2.2003, s. 11 
852 |a ZVYKNI  |b KIS3GCP 
999 |c 1668648  |d 1670578